ბათუმის შოთა რუსთაველის სახელმწიფო უნივერსიტეტის ბიბლიოთეკა

ნიკოლოზ ბარათაშვილი. ბედი მგოსნისა (ბიბ.ჩანაწერი № 49674)

000 -LEADER
fixed length control field 00784nam a2200217Ia 4500
001 - CONTROL NUMBER
control field 16607
003 - CONTROL NUMBER IDENTIFIER
control field GE_BSU
008 - FIXED-LENGTH DATA ELEMENTS--GENERAL INFORMATION
fixed length control field 181216s||||||||xx |||||||||||||| ||und||
040 ## - CATALOGING SOURCE
Transcribing agency GE_BSU
080 ## - UNIVERSAL DECIMAL CLASSIFICATION NUMBER
Universal Decimal Classification number 821.353.1-2
100 ## - MAIN ENTRY--PERSONAL NAME
Personal name მრევლიშვილი, მიხეილ
245 ## - TITLE STATEMENT
Title ნიკოლოზ ბარათაშვილი. ბედი მგოსნისა
245 ## - TITLE STATEMENT
Remainder of title პიესა 4 მოქ. და 8 სურათად
245 ## - TITLE STATEMENT
Statement of responsibility, etc. რედ.რ.გვეტაძე
260 ## - PUBLICATION, DISTRIBUTION, ETC.
Place of publication, distribution, etc. თბილისი
260 ## - PUBLICATION, DISTRIBUTION, ETC.
Name of publisher, distributor, etc. საბჭ. მწერალი
260 ## - PUBLICATION, DISTRIBUTION, ETC.
Date of publication, distribution, etc. 1950
300 ## - PHYSICAL DESCRIPTION
Extent 161გვ. ; 15სმ
653 ## - INDEX TERM--UNCONTROLLED
Uncontrolled term ნიკოლოზ ბარათაშვილი. ბედი მგოსნისა
942 ## - ADDED ENTRY ELEMENTS (KOHA)
Koha item type წიგნი
ეგზემპლარები
Withdrawn status Lost status Damaged status Not for loan Date acquired Barcode Date last seen Price effective from Koha item type
        2018-12-17 41213 2018-12-17 2018-12-17 წიგნი